[Event "XXXVIII Festival A"]
[Site "Imperia ITA"]
[Date "1996.09.??"]
[Round "6"]
[White "Luciani, Carlo"]
[Black "Maes, Valeer"]
[WhiteElo "2290"]
[BlackElo "2265"]
[Result "0-1"]
[PlyCount "78"]
[EventDate "1996.09.01"]

1. e4 c5 2. Nf3 e6 3. b3 d6 4. d4 cxd4 5. Nxd4 Nf6 6. Bd3 Be7 7. O-O O-O 8. Qe2
Nbd7 9. c4 a6 10. Nc3 Qc7 11. Bb2 b6 12. Rae1 Ne5 13. Bb1 Ng6 14. f4 Qc5 15.
Na4 Qc7 16. f5 Ne5 17. Kh1 Bd7 18. Nc3 Rab8 19. fxe6 fxe6 20. Nf3 Nfg4 21. h3
Nxf3 22. gxf3 Nf6 23. f4 b5 24. e5 dxe5 25. fxe5 Bc6+ 26. Kh2 g6 27. Rg1 Bc5
28. Nd1 Bxg1+ 29. Rxg1 Ne8 30. Ne3 Qf7 31. Ng4 Qf4+ 32. Rg3 Rd8 33. Bd3 Bf3 34.
Qc2 Bxg4 35. hxg4 Qf2+ 36. Rg2 Qh4+ 37. Kg1 Rf3 38. Be4 Re3 39. Bc3 Rxc3 0-1

[Event "XXXVIII Festival A"]
[Site "Imperia ITA"]
[Date "1996.09.??"]
[Round "6"]
[White "Malano, Francesco"]
[Black "Babula, Vlastimil"]
[WhiteElo "2080"]
[BlackElo "2545"]
[Result "0-1"]
[PlyCount "56"]
[EventDate "1996.09.01"]

1. Nf3 Nf6 2. g3 c5 3. Bg2 Nc6 4. O-O e5 5. d3 d5 6. Bg5 Be7 7. Nfd2 O-O 8. Nc3
Ne8 9. Bxe7 Nxe7 10. e4 d4 11. Ne2 Nd6 12. f4 f6 13. Nf3 Nc6 14. b3 Be6 15. Qd2
h6 16. h4 b5 17. a4 a6 18. Kh2 Qd7 19. Neg1 c4 20. axb5 axb5 21. bxc4 bxc4 22.
c3 cxd3 23. cxd4 Rxa1 24. Rxa1 Nxe4 25. Qxd3 Nf2 26. Qd2 Ng4+ 27. Kh1 e4 28.
Nh2 e3 0-1

[Event "XXXVIII Festival A"]
[Site "Imperia ITA"]
[Date "1996.09.??"]
[Round "6"]
[White "Micheli, Carlo"]
[Black "Minnebo, Alain"]
[WhiteElo "2305"]
[BlackElo "2214"]
[Result "1-0"]
[PlyCount "75"]
[EventDate "1996.09.01"]

1. c4 c5 2. g3 Nf6 3. Bg2 d5 4. cxd5 Nxd5 5. Nc3 Nc7 6. Nf3 Nc6 7. O-O e5 8. d3
f6 9. Ne1 Be6 10. Bxc6+ bxc6 11. Qa4 Qd7 12. Ne4 Nb5 13. f4 exf4 14. Rxf4 Qd4+
15. Nf2 Qd7 16. Nf3 Bd6 17. Rh4 h5 18. g4 g5 19. Rxh5 Rxh5 20. gxh5 g4 21. Ne4
Be7 22. Nh4 Nd4 23. Qd1 f5 24. Ng5 Bd5 25. Ng6 Bxg5 26. Bxg5 Bf3 27. Qd2 Nxe2+
28. Kf1 Qd4 29. Be3 Qd5 30. Kf2 f4 31. Bxf4 Nxf4 32. Nxf4 Qd4+ 33. Kg3 O-O-O
34. Re1 Qd6 35. Re6 Qd4 36. Qf2 Qd7 37. Qxc5 Kb8 38. h6 1-0

[Event "XXXVIII Festival A"]
[Site "Imperia ITA"]
[Date "1996.09.??"]
[Round "6"]
[White "Mocchi, Tullio"]
[Black "Etchegaray, Patrice"]
[WhiteElo "2161"]
[BlackElo "2295"]
[Result "1-0"]
[PlyCount "77"]
[EventDate "1996.09.01"]

1. e4 c5 2. Nf3 d6 3. c3 Nf6 4. h3 g6 5. Bd3 Bg7 6. Bc2 O-O 7. d4 Nc6 8. O-O b6
9. Re1 Bb7 10. Bf4 cxd4 11. cxd4 Nb4 12. Nc3 Nxc2 13. Qxc2 Rc8 14. Qd3 d5 15.
e5 Ne4 16. Rac1 Qd7 17. Nd2 Nxc3 18. Rxc3 Rxc3 19. Qxc3 Rc8 20. Qa3 a5 21. e6
fxe6 22. Qe3 Rf8 23. Be5 Bf6 24. Nf3 Bc6 25. Qh6 Rf7 26. Rc1 Qe8 27. Rc3 Bb5
28. Ng5 Bxg5 29. Qxg5 Ba6 30. Rc7 Qb5 31. Rxe7 Qf1+ 32. Kh2 Qxf2 33. Re8+ Rf8
34. Qh6 Qf7 35. Rxe6 Rc8 36. Rf6 Qd7 37. Rxg6+ hxg6 38. Qxg6+ Kf8 39. Bd6+ 1-0

[Event "XXXVIII Festival A"]
[Site "Imperia ITA"]
[Date "1996.09.??"]
[Round "6"]
[White "Mokosch, Andreas"]
[Black "Marinescu, Marian"]
[WhiteElo "2180"]
[BlackElo "2130"]
[Result "1-0"]
[PlyCount "61"]
[EventDate "1996.09.01"]

1. e4 c5 2. Nc3 Nc6 3. g3 g6 4. Bg2 Bg7 5. d3 d6 6. Be3 e6 7. Qd2 Nge7 8. Bh6
O-O 9. h4 Bxh6 10. Qxh6 f6 11. Qd2 Nd4 12. Nge2 e5 13. O-O Bg4 14. f3 Be6 15.
f4 Qd7 16. Rf2 Bg4 17. Raf1 Rab8 18. Nc1 b5 19. Nd1 Bh3 20. Ne3 Bxg2 21. Kxg2
d5 22. c3 Ndc6 23. fxe5 Nxe5 24. d4 cxd4 25. Qxd4 dxe4 26. Qxe4 Rb6 27. Qxe5
fxe5 28. Rxf8+ Kg7 29. R1f7+ Kh6 30. Rh8 Qd2+ 31. Kh3 1-0

[Event "XXXVIII Festival A"]
[Site "Imperia ITA"]
[Date "1996.09.??"]
[Round "6"]
[White "Mollero, Michele"]
[Black "Mambrini, Augusto"]
[WhiteElo "2030"]
[BlackElo "2200"]
[Result "1/2-1/2"]
[PlyCount "57"]
[EventDate "1996.09.01"]

1. e4 e6 2. d4 d5 3. e5 c5 4. c3 Bd7 5. Nf3 Qb6 6. a3 cxd4 7. cxd4 Bb5 8. Bxb5+
Qxb5 9. Nc3 Qa6 10. Ne2 Ne7 11. O-O Nbc6 12. Bf4 Nf5 13. g4 Nfe7 14. Rc1 h5 15.
gxh5 Nf5 16. Ng3 Nxg3 17. fxg3 Qb6 18. Rf2 Be7 19. g4 Kd7 20. Qd3 Rag8 21. Kg2
g6 22. hxg6 Rxg6 23. h3 Rg7 24. Be3 a6 25. b4 Rgh7 26. Ng1 Bh4 27. Rfc2 Bd8 28.
Qc3 Be7 29. Qd3 1/2-1/2

[Event "XXXVIII Festival A"]
[Site "Imperia ITA"]
[Date "1996.09.??"]
[Round "6"]
[White "Mozny, Milos"]
[Black "Wohl, Aleksandar H."]
[WhiteElo "2420"]
[BlackElo "2400"]
[Result "1-0"]
[PlyCount "91"]
[EventDate "1996.09.01"]

1. d4 Na6 2. Nf3 d6 3. g3 g6 4. Bg2 Bg7 5. O-O c6 6. c4 Qa5 7. h3 e5 8. Bd2 Qc7
9. dxe5 dxe5 10. Bc3 Nc5 11. b4 Ne4 12. Bb2 h6 13. Nbd2 Nxd2 14. Qxd2 Ne7 15.
c5 Be6 16. Qd6 Qxd6 17. cxd6 Nf5 18. Bxe5 Bxe5 19. Nxe5 Nxd6 20. a4 Ke7 21.
Rfc1 Rhc8 22. Rc5 a5 23. bxa5 Ra6 24. Nd3 Rca8 25. Nb4 Rxa5 26. Rxa5 Rxa5 27.
Bxc6 Bb3 28. Bxb7 Nxb7 29. Nc6+ Kd6 30. Nxa5 Nxa5 31. h4 h5 32. Kg2 Kc5 33. Kf3
Kb4 34. Kf4 Bc4 35. e4 Nb3 36. Rd1 Nc5 37. f3 Nxa4 38. g4 Nc3 39. Rd8 Kc5 40.
Ke5 Be6 41. gxh5 gxh5 42. Rh8 Na4 43. Rxh5 Nb6 44. Kf6+ Kd6 45. Ra5 Nd7+ 46.
Kg7 1-0

[Event "XXXVIII Festival A"]
[Site "Imperia ITA"]
[Date "1996.09.??"]
[Round "6"]
[White "Patelli, Alessandro"]
[Black "Lips, Frantisek"]
[WhiteElo "2240"]
[BlackElo "2048"]
[Result "1-0"]
[PlyCount "61"]
[EventDate "1996.09.01"]

1. Nf3 d5 2. d4 Nf6 3. c4 c6 4. cxd5 cxd5 5. Nc3 Bf5 6. Qb3 b6 7. Bf4 e6 8. Nb5
Na6 9. Qa4 Bb4+ 10. Bd2 Bxd2+ 11. Nxd2 O-O 12. Qxa6 Rc8 13. Nc3 Qd6 14. e3 e5
15. dxe5 Qxe5 16. Nf3 Qd6 17. Bd3 Bg4 18. Nd4 Ne4 19. Bxe4 dxe4 20. O-O Qg6 21.
Nd5 Qd6 22. Nf4 g5 23. Nfe2 f5 24. Rac1 Bxe2 25. Qxe2 Qd5 26. Qa6 Rxc1 27. Rxc1
Qe5 28. Qc4+ Kh8 29. Ne6 Re8 30. Nxg5 Re7 31. Qf7 1-0

[Event "XXXVIII Festival A"]
[Site "Imperia ITA"]
[Date "1996.09.??"]
[Round "6"]
[White "Pujos, Stephane"]
[Black "Spinelli, Doriano"]
[WhiteElo "2033"]
[BlackElo "2195"]
[Result "1-0"]
[PlyCount "77"]
[EventDate "1996.09.01"]

1. d4 d5 2. c4 Nc6 3. e3 Nf6 4. Nc3 Bf5 5. Qb3 e6 6. a3 dxc4 7. Bxc4 Na5 8.
Qa4+ c6 9. Be2 Nd5 10. Bd2 b6 11. b4 Nb7 12. Qxc6+ Ke7 13. Qxb7+ Kf6 14. e4
Nxc3 15. Bxc3 Qc8 16. e5+ Kg6 17. Qf3 h5 18. Qg3+ Kh7 19. Bd2 Kg8 20. Nf3 Be7
21. Rc1 Qd7 22. O-O Qa4 23. Rc3 Qe8 24. Rfc1 Qd8 25. Ba6 h4 26. Qf4 Qd7 27. Rc7
Qa4 28. Bb7 Bd8 29. Bxa8 Bxc7 30. Rxc7 Rh5 31. Qe3 h3 32. Rc8+ Kh7 33. Rc1 hxg2
34. Ng5+ Kg6 35. Bxg2 f6 36. exf6 gxf6 37. Nxe6 Rh4 38. Nf4+ Kh6 39. Nd5+ 1-0

[Event "XXXVIII Festival A"]
[Site "Imperia ITA"]
[Date "1996.09.??"]
[Round "6"]
[White "Rossi, Giampiero"]
[Black "Cirabisi, Federico"]
[WhiteElo "2105"]
[BlackElo "2180"]
[Result "1/2-1/2"]
[PlyCount "100"]
[EventDate "1996.09.01"]

1. d4 d5 2. e3 c6 3. Bd3 Nf6 4. Nd2 g6 5. b3 Bg7 6. Bb2 O-O 7. h4 Re8 8. h5
Nxh5 9. Rxh5 gxh5 10. Qxh5 Qd6 11. Bxh7+ Kf8 12. Bd3 Nd7 13. O-O-O e5 14. Qh2
Qh6 15. Nh3 e4 16. Be2 Nf6 17. Rh1 Bxh3 18. Qd6+ Kg8 19. Rxh3 Qg6 20. Qh2 Re6
21. Rg3 Qf5 22. f3 Rae8 23. fxe4 Nxe4 24. Nxe4 Rxe4 25. Qh6 Qh7 26. Qxh7+ Kxh7
27. Bd3 Bh6 28. Kd2 f5 29. Bxe4 Rxe4 30. Kd3 b5 31. Ba3 f4 32. exf4 Rxf4 33.
Rf3 Kg6 34. Bc5 a6 35. c4 Bg5 36. cxd5 cxd5 37. Bd6 Re4 38. Be5 Re1 39. Rf2
Rd1+ 40. Kc2 Ra1 41. Kb2 Rd1 42. Rc2 Rd2 43. Rxd2 Bxd2 44. Kc2 Ba5 45. Kd3 Kf5
46. Ke3 Kg4 47. Bd6 Bb6 48. Kd3 Ba5 49. a3 Be1 50. Bc7 Bf2 1/2-1/2

[Event "XXXVIII Festival A"]
[Site "Imperia ITA"]
[Date "1996.09.??"]
[Round "6"]
[White "Sarno, Spartaco"]
[Black "Mrdja, Milan"]
[WhiteElo "2410"]
[BlackElo "2455"]
[Result "1-0"]
[PlyCount "55"]
[EventDate "1996.09.01"]

1. c4 Nf6 2. Nf3 e6 3. g3 d5 4. b3 Be7 5. Bg2 O-O 6. O-O c6 7. Bb2 Nbd7 8. Qc2
Re8 9. Nc3 Bf8 10. d4 b6 11. e4 Nxe4 12. Nxe4 dxe4 13. Qxe4 Bb7 14. Rad1 Qc7
15. Rfe1 h6 16. Nd2 Rad8 17. Qf3 Ba8 18. Ne4 c5 19. d5 exd5 20. cxd5 Ne5 21.
Qh5 f6 22. Bh3 c4 23. Be6+ Rxe6 24. dxe6 Rxd1 25. Rxd1 Bxe4 26. Bxe5 fxe5 27.
Rd7 Qc5 28. Qf7+ 1-0

[Event "XXXVIII Festival A"]
[Site "Imperia ITA"]
[Date "1996.09.??"]
[Round "6"]
[White "Sejkora, Vlastimil"]
[Black "Cech, Pavel"]
[WhiteElo "2235"]
[BlackElo "2325"]
[Result "1/2-1/2"]
[PlyCount "111"]
[EventDate "1996.09.01"]

1. c4 e6 2. Nc3 d5 3. d4 c5 4. e3 Nf6 5. Nf3 a6 6. a4 Nc6 7. Be2 dxc4 8. Bxc4
cxd4 9. exd4 Be7 10. O-O O-O 11. Bg5 Qb6 12. Qd2 Rd8 13. Rfd1 Bd7 14. Rab1 Rac8
15. Qf4 Qc7 16. Qxc7 Rxc7 17. d5 Na5 18. Ba2 Nc4 19. Bxc4 Rxc4 20. Ne5 Rb4 21.
b3 h6 22. d6 Bf8 23. Be3 Rc8 24. Nc4 b5 25. axb5 axb5 26. Na2 Rbxc4 27. bxc4
Rxc4 28. Rbc1 Nd5 29. Bc5 Rxc1 30. Nxc1 g5 31. Na2 Bg7 32. Nb4 Nc3 33. Rd3 Ne4
34. Bd4 Bf8 35. Bb6 Bxd6 36. f3 Bxb4 37. Rxd7 Nc3 38. Kf1 Nd5 39. Bd4 Be7 40.
Rb7 b4 41. Rb8+ Kh7 42. Ke2 h5 43. g4 hxg4 44. fxg4 f6 45. Kd3 Bd6 46. Rb7+ Kg6
47. h3 Nf4+ 48. Kc4 e5 49. Bc5 Bxc5 50. Kxc5 Nxh3 51. Rxb4 Nf2 52. Ra4 e4 53.
Kd4 Nxg4 54. Kxe4 f5+ 55. Kf3 Nf6 56. Ra6 1/2-1/2

[Event "XXXVIII Festival A"]
[Site "Imperia ITA"]
[Date "1996.09.??"]
[Round "6"]
[White "Tortarolo, Massimiliano"]
[Black "Vujovic, Milorad"]
[WhiteElo "2235"]
[BlackElo "2310"]
[Result "1-0"]
[PlyCount "61"]
[EventDate "1996.09.01"]

1. e4 c5 2. Nf3 e6 3. d4 cxd4 4. Nxd4 Nf6 5. Nc3 d6 6. Be2 a6 7. a4 Qc7 8. f4
b6 9. Bf3 Bb7 10. Qe2 Nbd7 11. Bd2 Rb8 12. g4 e5 13. Nb3 Nc5 14. g5 Nfd7 15. f5
g6 16. Nxc5 dxc5 17. fxg6 hxg6 18. h4 c4 19. h5 Bc5 20. O-O-O gxh5 21. Bxh5 Bd4
22. Rdf1 Rf8 23. Rxf7 Rxf7 24. Rf1 Kd8 25. Rxf7 Qc6 26. Bg4 Bc8 27. Bf5 b5 28.
Nd5 b4 29. Qh5 Qxd5 30. exd5 c3 31. d6 1-0

[Event "XXXVIII Festival A"]
[Site "Imperia ITA"]
[Date "1996.09.??"]
[Round "6"]
[White "Travaglini, Alberto"]
[Black "Tonon, Alessandro"]
[WhiteElo "2021"]
[BlackElo "2105"]
[Result "1/2-1/2"]
[PlyCount "55"]
[EventDate "1996.09.01"]

1. d4 Nf6 2. Nf3 c5 3. c3 cxd4 4. cxd4 d5 5. Nc3 Nc6 6. Bf4 Bf5 7. e3 e6 8. Ne5
Nxe5 9. Bxe5 Nd7 10. Bg3 Bb4 11. Rc1 O-O 12. a3 Be7 13. Be2 Nb6 14. Qb3 Rc8 15.
O-O a6 16. a4 Rc6 17. a5 Nc4 18. Bxc4 Rxc4 19. Qxb7 Bd3 20. Rfd1 Rb4 21. Qa7
Bc4 22. Rd2 Bd6 23. Bxd6 Qxd6 24. Nb1 Rfb8 25. Na3 Rxb2 26. Nxc4 dxc4 27. Rxb2
Rxb2 28. g3 1/2-1/2

[Event "XXXVIII Festival A"]
[Site "Imperia ITA"]
[Date "1996.09.??"]
[Round "6"]
[White "Vasicek, Martin"]
[Black "Cugini, Verter"]
[WhiteElo "2125"]
[BlackElo "2255"]
[Result "0-1"]
[PlyCount "76"]
[EventDate "1996.09.01"]

1. e4 e6 2. d4 d5 3. e5 c5 4. c3 Nc6 5. Nf3 Qb6 6. Bd3 cxd4 7. cxd4 Bd7 8. Nc3
Nxd4 9. Nxd4 Qxd4 10. O-O Qxe5 11. Re1 Qb8 12. Nxd5 Bd6 13. Qg4 Kf8 14. Bd2 h5
15. Qh3 Nh6 16. Nc3 Ng4 17. Ne4 Bxh2+ 18. Kf1 Be5 19. Be2 Kg8 20. Rad1 Bc6 21.
Bc4 b5 22. Bd3 Qb6 23. Be3 Nxe3+ 24. Rxe3 Bxe4 25. Bxe4 Rf8 26. Rb3 Rh6 27. Qd3
a6 28. a4 b4 29. Qc4 Rf6 30. Bf3 Rf4 31. Qc6 Qxc6 32. Bxc6 a5 33. Rd2 Rd4 34.
Rc2 Rc8 35. Ke2 g6 36. Rd3 Rxd3 37. Kxd3 Bxb2 38. Rc5 Bf6 0-1

[Event "XXXVIII Festival A"]
[Site "Imperia ITA"]
[Date "1996.09.??"]
[Round "6"]
[White "Ventura, Boris"]
[Black "Astengo, Marcello"]
[WhiteElo "2190"]
[BlackElo "2115"]
[Result "1-0"]
[PlyCount "35"]
[EventDate "1996.09.01"]

1. e4 e6 2. d4 d5 3. Nc3 Bb4 4. e5 c5 5. a3 Bxc3+ 6. bxc3 Qa5 7. Bd2 Ne7 8. Qg4
O-O 9. Bd3 Nf5 10. Nf3 Qa4 11. Qh5 c4 12. g4 cxd3 13. gxf5 exf5 14. Rg1 g6 15.
Qh6 Qd7 16. Ng5 Re8 17. Qxh7+ Kf8 18. Qh8+ 1-0

[Event "XXXVIII Festival A"]
[Site "Imperia ITA"]
[Date "1996.09.??"]
[Round "6"]
[White "Viaggi, Giovanni"]
[Black "Keller, Rudolf"]
[WhiteElo "2120"]
[BlackElo "2280"]
[Result "1-0"]
[PlyCount "39"]
[EventDate "1996.09.01"]

1. e4 c5 2. Nf3 e6 3. d4 cxd4 4. Nxd4 Nf6 5. Nc3 Nc6 6. Be3 Bb4 7. Nxc6 bxc6 8.
Bd2 d5 9. e5 Bxc3 10. bxc3 Ne4 11. Bd3 Qc7 12. Bf4 g5 13. Be3 Nxc3 14. Qd2 Qxe5
15. O-O Ne4 16. Qb4 Qd6 17. Qb2 e5 18. Bxe4 dxe4 19. Bxg5 Rg8 20. Rad1 1-0

[Event "XXXVIII Festival A"]
[Site "Imperia ITA"]
[Date "1996.09.??"]
[Round "6"]
[White "Vismara, Daniele"]
[Black "De Palma, Fabrizio"]
[WhiteElo "2155"]
[BlackElo "1866"]
[Result "1/2-1/2"]
[PlyCount "57"]
[EventDate "1996.09.01"]

1. e4 c5 2. c3 d5 3. exd5 Qxd5 4. d4 Nc6 5. Nf3 cxd4 6. cxd4 e5 7. Nc3 Bb4 8.
Be2 exd4 9. O-O Bxc3 10. bxc3 Nge7 11. Nxd4 O-O 12. Nxc6 Qxc6 13. Ba3 Re8 14.
Bf3 Qf6 15. Re1 Be6 16. Bxb7 Rab8 17. Qf3 Nf5 18. Bc5 Bxa2 19. Bxa7 Rxe1+ 20.
Rxe1 Rd8 21. Be4 Be6 22. c4 Qg5 23. Bb6 Qd2 24. Rf1 Nd4 25. Bxh7+ Kxh7 26. Qh5+
Kg8 27. Bxd8 Bxc4 28. Ba5 Qe2 29. Qxe2 1/2-1/2

[Event "XXXVIII Festival A"]
[Site "Imperia ITA"]
[Date "1996.09.??"]
[Round "7"]
[White "Astengo, Marcello"]
[Black "Pegoraro, Nicola"]
[WhiteElo "2115"]
[BlackElo "2034"]
[Result "1-0"]
[PlyCount "75"]
[EventDate "1996.09.01"]

1. d4 f5 2. e4 fxe4 3. Nc3 Nf6 4. Bg5 Nc6 5. d5 Ne5 6. Qd4 Nf7 7. h4 e5 8. dxe6
dxe6 9. Qa4+ Bd7 10. Qb3 Nd6 11. Be2 Be7 12. Nh3 c6 13. Na4 Qa5+ 14. Bd2 Qc7
15. O-O-O c5 16. Bf4 O-O-O 17. Nc3 h6 18. Bg3 a6 19. Nf4 c4 20. Ng6 Be8 21.
Nxe7+ Qxe7 22. Qb6 Bc6 23. Qa7 e5 24. Qc5 Rhe8 25. Rd2 Nf5 26. Rxd8+ Kxd8 27.
Qxc4 Nd4 28. Rd1 Kc8 29. Bf1 Rd8 30. Na4 b5 31. Qc5 Qxc5 32. Nxc5 Bb7 33. Bxe5
Nc6 34. Rxd8+ Nxd8 35. Kd2 Ne8 36. g3 Nc6 37. Bh3+ Kd8 38. Nxb7+ 1-0

[Event "XXXVIII Festival A"]
[Site "Imperia ITA"]
[Date "1996.09.??"]
[Round "7"]
[White "Babula, Vlastimil"]
[Black "Di Paolo, Raffaele"]
[WhiteElo "2545"]
[BlackElo "2285"]
[Result "1-0"]
[PlyCount "87"]
[EventDate "1996.09.01"]

1. e4 c5 2. Nf3 d6 3. d4 cxd4 4. Nxd4 Nf6 5. Nc3 g6 6. g3 Bg4 7. f3 Bd7 8. Bg2
Bg7 9. Nde2 Qb6 10. Qd3 Nc6 11. Qe3 Qa5 12. O-O h5 13. h3 Ne5 14. b3 Rc8 15.
Bb2 g5 16. Rad1 g4 17. fxg4 hxg4 18. h4 Qc5 19. Qxc5 Rxc5 20. Nd4 Nh5 21. Kh2
Nc6 22. Nce2 Be5 23. Nxc6 Bxb2 24. Nb4 Be5 25. Nf4 a5 26. Nbd3 Rxc2 27. Nxe5
dxe5 28. Nd3 Bb5 29. Rf5 f6 30. a4 Bc6 31. Rf2 Rc3 32. Rb2 Kf7 33. Rdd2 Kg7 34.
Nf2 Rxg3 35. b4 axb4 36. Rxb4 Ra3 37. Nxg4 Nf4 38. Nf2 Rxh4+ 39. Kg1 Ra1+ 40.
Rd1 Rxd1+ 41. Nxd1 Rg4 42. Ne3 Rg3 43. Nf5+ Kg6 44. Nxg3 1-0

[Event "XXXVIII Festival A"]
[Site "Imperia ITA"]
[Date "1996.09.??"]
[Round "7"]
[White "Biolek, Richard sr"]
[Black "Bancod, Ronald"]
[WhiteElo "2395"]
[BlackElo "2400"]
[Result "1/2-1/2"]
[PlyCount "90"]
[EventDate "1996.09.01"]

1. e4 c5 2. Nf3 d6 3. d4 cxd4 4. Nxd4 Nf6 5. Nc3 g6 6. g3 Nc6 7. Nde2 Bd7 8.
Bg2 Qc8 9. h3 Rb8 10. Be3 b5 11. Nd5 Bg7 12. c3 O-O 13. Nd4 Nxd5 14. Nxc6 Nxe3
15. Nxe7+ Kh8 16. fxe3 Qc5 17. Nd5 Bc6 18. Qd3 Bxd5 19. exd5 Rfe8 20. Kf2 b4
21. Rab1 bxc3 22. bxc3 Rbc8 23. Rbc1 Rc7 24. Rc2 Rce7 25. Re1 f5 26. Bf3 Bf6
27. Ree2 Kg8 28. Rb2 Qxc3 29. Qxc3 Bxc3 30. Rb3 Ba5 31. Rc2 Bb6 32. Rcc3 Kg7
33. Ke2 Kf6 34. Ra3 Bd4 35. Rd3 Be5 36. Kf2 Rc8 37. Bd1 h5 38. Ra4 Rc1 39. Bb3
Rec7 40. Rd1 R1c3 41. h4 Ke7 42. Ra6 Bg7 43. Re1 Be5 44. Rd1 R3c5 45. Kf3 Rc3
1/2-1/2

[Event "XXXVIII Festival A"]
[Site "Imperia ITA"]
[Date "1996.09.??"]
[Round "7"]
[White "Blasco, Domenico"]
[Black "Budka, Jan"]
[WhiteElo "2220"]
[BlackElo "2018"]
[Result "1/2-1/2"]
[PlyCount "69"]
[EventDate "1996.09.01"]

1. d4 Nf6 2. e3 e6 3. f4 b6 4. Nd2 Bb7 5. Ngf3 c5 6. c3 Be7 7. Bd3 d5 8. Ne5
Nbd7 9. O-O Qc7 10. Qf3 g6 11. g4 Rf8 12. a4 Nxe5 13. fxe5 Nd7 14. Qe2 f6 15.
exf6 Rxf6 16. e4 Rxf1+ 17. Nxf1 O-O-O 18. exd5 Bxd5 19. Ne3 Bb7 20. Ba6 Bf6 21.
Bxb7+ Qxb7 22. Nc4 Qd5 23. Bf4 Nb8 24. a5 b5 25. Na3 a6 26. Bxb8 Kxb8 27. Nxb5
cxd4 28. Nxd4 Bxd4+ 29. cxd4 Qxd4+ 30. Qf2 Qxg4+ 31. Kf1 Rd4 32. Qf8+ Kb7 33.
Qe7+ Kb8 34. Qf8+ Kb7 35. Qe7+ 1/2-1/2

[Event "XXXVIII Festival A"]
[Site "Imperia ITA"]
[Date "1996.09.??"]
[Round "7"]
[White "Bonugli, Carlo"]
[Black "Colombo, Paolo"]
[WhiteElo "2070"]
[BlackElo "2205"]
[Result "1-0"]
[PlyCount "59"]
[EventDate "1996.09.01"]

1. e4 e6 2. d4 d5 3. e5 c5 4. c3 Nc6 5. Nf3 Qb6 6. a3 c4 7. Be2 Bd7 8. O-O Na5
9. Nbd2 O-O-O 10. Rb1 Be7 11. Qc2 Nh6 12. b3 cxb3 13. Nxb3 Ba4 14. Nfd2 f6 15.
c4 Kb8 16. c5 Qc7 17. Qc3 Nxb3 18. Nxb3 Bxb3 19. Qxb3 Ka8 20. Bxh6 gxh6 21. f4
fxe5 22. fxe5 Bg5 23. Bg4 Rde8 24. Rf3 h5 25. Bxh5 Ref8 26. Rbf1 Qe7 27. Rf7
Rxf7 28. Rxf7 Be3+ 29. Qxe3 Qh4 30. Qf2 1-0

[Event "XXXVIII Festival A"]
[Site "Imperia ITA"]
[Date "1996.09.??"]
[Round "7"]
[White "Bozzi, Gianni"]
[Black "Pujos, Stephane"]
[WhiteElo "2250"]
[BlackElo "2033"]
[Result "1/2-1/2"]
[PlyCount "89"]
[EventDate "1996.09.01"]

1. d4 Nf6 2. c4 g6 3. Nc3 d5 4. Bf4 Bg7 5. Qa4+ Bd7 6. Qb3 Nc6 7. Qxb7 Nxd4 8.
O-O-O Ne6 9. Be5 dxc4 10. e3 Nc5 11. Qxc7 Qxc7 12. Bxc7 Nfe4 13. Nxe4 Nxe4 14.
Bg3 Ba4 15. Rd5 Rc8 16. Nf3 Bc6 17. Rg5 Nxg3 18. hxg3 Rb8 19. Ne5 Bxe5 20. Rxe5
Rb5 21. Rxb5 Bxb5 22. Rh4 e6 23. Bxc4 Bc6 24. f3 h5 25. g4 Rg8 26. Kd2 hxg4 27.
Rxg4 Rh8 28. Kc3 Rh1 29. Rd4 Rc1+ 30. Kb3 Ke7 31. Rd2 Re1 32. e4 g5 33. Kb4 g4
34. Ka5 Rc1 35. Kb4 Bb7 36. Bb5 Bc8 37. a4 g3 38. Kb3 a6 39. Bd3 Ra1 40. Rc2
Bd7 41. Rc4 Rg1 42. Rc2 Ra1 43. Rc4 Rg1 44. Rc2 Ra1 45. Rc4 1/2-1/2

[Event "XXXVIII Festival A"]
[Site "Imperia ITA"]
[Date "1996.09.??"]
[Round "7"]
[White "Cech, Pavel"]
[Black "Beil, Zdenek"]
[WhiteElo "2325"]
[BlackElo "2325"]
[Result "1/2-1/2"]
[PlyCount "83"]
[EventDate "1996.09.01"]

1. d4 d5 2. c4 c6 3. cxd5 cxd5 4. Nc3 Nf6 5. Nf3 Nc6 6. Bf4 a6 7. e3 Bg4 8. Be2
e6 9. O-O Be7 10. h3 Bxf3 11. Bxf3 O-O 12. Qd3 Rc8 13. Rfc1 b5 14. a4 Na5 15.
Bd1 b4 16. Ne2 Qb6 17. b3 Nb7 18. Ra2 Rxc1 19. Nxc1 Ne4 20. Rc2 Bd6 21. Bxd6
Nbxd6 22. Ne2 Rc8 23. f3 Nf6 24. Rxc8+ Nxc8 25. Qc2 Qb7 26. Qc1 Nd7 27. Bc2 g6
28. Bd3 Nd6 29. Qc2 a5 30. Kf2 Kf8 31. h4 Qc8 32. Qxc8+ Nxc8 33. g4 h6 34. f4
f5 35. g5 h5 36. Ke1 Nd6 37. Ng1 Ke7 38. Nf3 Kd8 39. Kd2 Kc7 40. Ne5 Nxe5 41.
dxe5 Ne4+ 42. Bxe4 1/2-1/2

[Event "XXXVIII Festival A"]
[Site "Imperia ITA"]
[Date "1996.09.??"]
[Round "7"]
[White "Cugini, Verter"]
[Black "Kucera, Petr"]
[WhiteElo "2255"]
[BlackElo "2330"]
[Result "1-0"]
[PlyCount "131"]
[EventDate "1996.09.01"]

1. e4 Nf6 2. e5 Nd5 3. c4 Nb6 4. d4 d6 5. exd6 cxd6 6. Nc3 g6 7. Be3 Bg7 8. Qd2
Nc6 9. Rd1 Bf5 10. b3 O-O 11. Nf3 Bg4 12. Be2 e6 13. Bg5 Qd7 14. Bh6 Bxf3 15.
gxf3 d5 16. c5 Nc8 17. h4 N8e7 18. Bxg7 Kxg7 19. h5 Nf5 20. Bb5 Qe7 21. Bxc6
bxc6 22. f4 Rab8 23. Ne2 Rb5 24. Ng3 Rfb8 25. Kf1 Qf6 26. hxg6 fxg6 27. Nxf5+
Qxf5 28. Qe3 Rf8 29. Re1 Rb7 30. Qxe6 Qxf4 31. Qe3 Qxe3 32. Rxe3 Rf4 33. Reh3
h5 34. Rh4 Rbf7 35. R1h2 Kh6 36. Ke2 Rxh4 37. Rxh4 g5 38. Rh1 Rf4 39. Ke3 Re4+
40. Kd3 Rf4 41. Ke3 Re4+ 42. Kd3 g4 43. b4 Re8 44. a4 a6 45. Kc3 Kg5 46. b5
axb5 47. axb5 cxb5 48. Kb4 Re2 49. c6 Rxf2 50. Rc1 Rf8 51. Kc5 h4 52. Kxd5 h3
53. c7 Rc8 54. Kc6 h2 55. d5 g3 56. d6 g2 57. d7 h1=Q 58. d8=Q+ Kg6 59. Qd3+
Kh6 60. Qe3+ Kg7 61. Kd7 Rxc7+ 62. Kxc7 Qh2+ 63. Kb7 Kg6 64. Rc6+ Kf5 65. Qe6+
Kg5 66. Rc5+ 1-0

[Event "XXXVIII Festival A"]
[Site "Imperia ITA"]
[Date "1996.09.??"]
[Round "7"]
[White "De Palma, Fabrizio"]
[Black "Dinser, Hans"]
[WhiteElo "1866"]
[BlackElo "2165"]
[Result "1/2-1/2"]
[PlyCount "136"]
[EventDate "1996.09.01"]

1. d4 d5 2. Nf3 Nf6 3. c4 c6 4. Nc3 e6 5. Bg5 Nbd7 6. e3 h6 7. Bxf6 Nxf6 8. Rc1
Bd6 9. Be2 O-O 10. O-O Nd7 11. cxd5 exd5 12. e4 Bf4 13. Rc2 dxe4 14. Nxe4 Nf6
15. Ng3 Be6 16. b3 Bd5 17. Ne5 Re8 18. Ng4 Nxg4 19. Bxg4 Qg5 20. Bf3 Rad8 21.
Bxd5 Rxd5 22. Rc4 Red8 23. Ne2 Qf6 24. Qa1 Bc7 25. Rc5 Qd6 26. Ng3 Rxc5 27.
dxc5 Qxc5 28. Ne4 Qh5 29. h3 Qe5 30. Qxe5 Bxe5 31. f4 Bd4+ 32. Kh2 f5 33. Ng3
g6 34. Ne2 Bb6 35. a4 Rd2 36. Nc1 a5 37. Rf3 Rb2 38. Rc3 Bd4 39. Rd3 c5 40. Rd1
Kf7 41. Kg3 g5 42. fxg5 hxg5 43. Kf3 Kf6 44. Rf1 Rb1 45. Ke2 Rb2+ 46. Kf3 b6
47. g4 fxg4+ 48. Kxg4+ Kg6 49. h4 gxh4 50. Kxh4 Be3 51. Nd3 Rxb3 52. Ne5+ Kg7
53. Rf7+ Kg8 54. Rb7 c4 55. Kh5 Bc5 56. Nxc4 Rb1 57. Kg6 Rg1+ 58. Kf5 Rf1+ 59.
Ke6 Rf4 60. Nxb6 Rb4 61. Rb8+ Kh7 62. Nd7 Rxb8 63. Nxb8 Bb4 64. Kd5 Kg7 65. Kc4
Kf7 66. Nc6 Be1 67. Kb5 Ke6 68. Nxa5 Kd6 1/2-1/2

[Event "XXXVIII Festival A"]
[Site "Imperia ITA"]
[Date "1996.09.??"]
[Round "7"]
[White "Etchegaray, Patrice"]
[Black "Patelli, Alessandro"]
[WhiteElo "2295"]
[BlackElo "2240"]
[Result "1/2-1/2"]
[PlyCount "107"]
[EventDate "1996.09.01"]

1. d4 Nf6 2. c4 e6 3. Nc3 Bb4 4. e3 c5 5. Nge2 cxd4 6. exd4 O-O 7. a3 Be7 8. d5
exd5 9. cxd5 Re8 10. d6 Bf8 11. g3 b6 12. Bg2 Nc6 13. O-O Ba6 14. Bf4 Rc8 15.
Re1 Bc4 16. b3 Be6 17. Nb5 Na5 18. Rb1 Bg4 19. f3 Bf5 20. Rb2 Nd5 21. Qxd5 Rc5
22. Qd4 Rxb5 23. b4 g5 24. bxa5 Rxb2 25. Qxb2 gxf4 26. axb6 Qxb6+ 27. Qxb6 axb6
28. Kf2 Bxd6 29. Nxf4 Bc5+ 30. Kf1 Rxe1+ 31. Kxe1 Bxa3 32. Nd5 Bc5 33. g4 Be6
34. f4 f5 35. h3 Kg7 36. Bf3 b5 37. Kd2 Bd6 38. Kd3 Bc5 39. Kd2 Kg6 40. Kd3 h6
41. Kd2 Bd6 42. Kc3 h5 43. gxh5+ Kh6 44. Kd4 b4 45. Bd1 Bxd5 46. Kxd5 Bxf4 47.
Bc2 Kg5 48. h6 Bd2 49. h7 Bc3 50. Kc4 f4 51. h8=Q Bxh8 52. Kxb4 d5 53. Kc5 d4
54. Kd5 1/2-1/2